00351 a2200145 450000100060000002000150000604000240002110000190004524000400006424500350010430000080013936200090014744000180015665000310017470485 a8506042852 cAnchieta - Itaigara aMcGinty, Frank10aSucesso! eu vou chegar lá...lpor10aSucesso! eu vou chegar lá... a1280 a2004 1aMelhoramentos 4aLiteratura infanto-juvenil